Autour des disciplines olympiques et des jeux (2) - Statistiques

Statistiques générales
  • Ce quiz a été pris 8 fois
  • Le résultat moyen est 16 sur 71
Statistiques - réponses
Hint Réponse % Correct
1976 L'héroïne des jeux de 1976 est la Roumaine Nadia Comaneci qui concourrait en Gymnastique
80%
1952 Les jeux de 1952 mettent en lumière une nouvelle nage Papillon
80%
1972 Mark Spitz, nageur, remporte un titre par jour et par course. Combien ? 7
60%
1956 Un Français remporte le marathon. Il se nomme... Alain {Mimoun}
60%
1960 Les jeux de 1960 sont les premiers diffusés en Eurovision | Direct
60%
1952 Deux pays reviennent prendre part aux JO en 1952. Citez un des deux Japon | Allemagne
60%
1992 Des joueurs américains de cette ligue prennent part au tournoi de basket en 1992 NBA
60%
1988 La gagnante du tournoi olympique de tennis a gagné la même année les quatre titres du Grand chelem.C'est Steffi {Graf}
60%
1988 Ce sport de raquettes redevient discipline officielle en 1988 Tennis
60%
1976 Le Français Guy Drut est le 1er Européen à gagner cette course... 110 m haies
40%
1968 Deux athlètes lèvent le poing sur le podium pour protester contre la ségrégation raciale. Mais à l'arrivée de quelle course ? 200 m
40%
1980 Le manque de concurrence permet aux nageuses est-allemandes de remporter (..) médailles sur les 39 distribuées 26
40%
1960 Le Pakistan remporte le tournoi de hockey sur gazon contre l'Inde invaincue depuis (...) ans 30
40%
1980 Ces jeux font l'objet d'un nouveau boycott à cause de l'invasion de ce pays par l'URSS Afghanistan
40%
1968 Lors des jeux de 1968, une équipe unifié disparait, celle Allemagne
40%
1956 Pour la 1ère un désaccord conduit des pays à ne pas se rendre aux JO. On parle de boycott
40%
1996 Seuls deux athlètes sont disqualifiés pour dopage, trouvez un des pays concernés Bulgarie | Russie
40%
1948 Lors des jeux de 1948, un sprinter tchèque devient une légende Emil {Zatopek}
40%
1976 Lors de l'épreuve du pentathlon moderne est russe est surpris en train de tricher lors de l'épreuve de/d' escrime
40%
1960 Le marathonien Abebe Bikila qui cours pieds nus est de nationalité ethiopienne
40%
1984 Le Brésil perd la finale de football sur le score de 2 à 0. Il est battu par la/le France
40%
1952 Un nageur français gagne le 400 mètre nage libre. Il se nomme Jean {Boiteux}
40%
1972 Les jeux de 1972 sont marqués par la prise d'otages israéliens par des Palestiniens
40%
1984 Les jeux de 1984 sont marqués par un nouveau boycott, des pays communistes cette fois. Trois pays ne s'alignent pas sur Moscou. Trouvez un des trois. Roumanie | Yougoslavie | Chine
40%
1952 Un grand pays participe pour la 1ère fois aux JO et remporte 71 médailles ! URSS
40%
1984 Lors des JO de 1984, combien de cas de dopage sot décelés ? 12
20%
1964 Le CIO interdit la participation de ce pays aux jeux de 1964 Afrique-du-Sud
20%
1988 Quelques pays boycottent les JO. Citez-en un... Albanie | Corée-du-Nord | Cuba | Ethiopie | Madagascar | Nicaragua | Seychelles
20%
1992 Les jeux de 1992 voient la fin d'une notion chère à leur fondateur amateurisme
20%
1996 Steve Redgrave obtient son quatrième titre olympique en quatre JO. Sa discipline de prédilection est l'/la/le aviron
20%
1964 Lors des jeux de 1964, les épreuves d'athlétisme se déroulent pour la dernière fois sur une piste en cendrée
20%
1988 C'est la dernière qu'on voit un des symboles olympiques lors de la cérémonie d'ouverture. Lequel Colombes
20%
1988 Christina Luding gagne une médaille aux jeux d'été et une aux jeu d'hiver. Trouvez une des deux disciplines Cyclisme | Patinage de vitesse
20%
1992 Comme un symbole, les 1ères et 2e du 10000 mètres sont une noire et une blanche, elles sont de nationalité différentes, trouvez une des deux éthiopienne | sud-africaine
20%
1996 Pendant les JO de 1996, les femmes disputent pour la 1ère fois ce tournoi en football
20%
1952 Lors des jeux de 1952, l'Inde remporte son cinquième titre consécutif en Hockey sur gazon
20%
1948 Une sportive française est également une artiste, elle se nomme Micheline {Ostermeyer}
20%
1992 Lors des jeux de 1992, trois sports sont en démonstration, trouvez en un Pelote basque | Rink hockey | Taekwondo
20%
1948 Une athlète française qui remporte deux médailles d'or donne un concert au Royal Albert Hall pendant les jeux, elle joue du... Piano
20%
1996 Une nouvelle discipline fait son apparition, laquelle ? Softball
20%
1956 Les épreuves équestres de 1956 se déroulent à Stockholm
20%
1968 Deux sports sont en démonstration en 1968, citez-en un Tennis | Pelote basque
20%
1992 Le 2 août 1992, un sportif obtient 4 titres olympiques dans la même journée, il se nomme Vitaly {Scherbo}
20%
1960 Rome, qui organise les JO de 1960 aurait du organiser ceux de 1908
0%
1972 Lors de la finale de basket, les Américains sont battus peu avant la fin par les Soviétiques. Combien de temps avant le coup de sifflet ? 3 secondes
0%
1972 En 1972, après plus de 2000 contrôles, des sportifs sont disqualifiés. Combien ? 7
0%
1976 Lors des jeux de 1976 le hockey sur gazon se pratique pour la première fois sur un terrain artificiel
0%
1988 Six sports de démonstration sont au programme des jeux de 1984. Citez-en un... Badminton | Baseball | Taekwondo | Bowling | Judo féminin | Course en fauteuil
0%
1956 Lors de la demi-finale, URSS-Hongrie en water-polo, les joueurs se battent, on parle du {bain} {de} {sang} de Melbourne
0%
1984 Deux disciplines sont en démonstration en 1984 Baseball | Tennis
0%
1960 Les épreuves de lutte se déroulent dans un lieu historique, la {basilique} de Maxence
0%
1948 Les jeux de 1948 voit la 1ère compétition féminine de Canoë-kayak
0%
1960 Un pays, victime d'un récent séisme, fait défiler ses athlètes derrière un drapeau avec un bandeau noir, de quel pays s'agit-il ? Chili
0%
1964 Le premier contrôle anti-dopage des JO est effectué dans cette discipline Cyclisme
0%
1996 Cette discipline accueille pour la 1ère fois des professionnels en 1996 cyclisme
0%
1960 Le président italien arrive en retard à la cérémonie d'ouverture à cause de(s) embouteillages
0%
1956 Le comité olympique contraint les deux Allemagne à concourir sous la bannière Equipe unifiée d'Allemagne
0%
1980 Le soviétique Dityatin remporte 8 médailles en 8 épreuves disputées en... gymnastique
0%
1972 Cette discipline, sous sa forme moderne, revient au programme des JO Handball
0%
1964 Citez une des deux disciplines qui font leur apparition en 1964 Judo | Volleyball
0%
1988 Cette nageuse remporte 6 médailles d'or en trois nages... Elle se nomme Kristin {Otto}
0%
1984 Pour la 1ère fois les femmes peuvent concourir dans 3 épreuves d'athlétisme marathon | 400 m haies | heptathlon
0%
1964 Les jeux de 1964 sont suivis par 600 millions de téléspectateurs grâce à la... Mondovision
0%
1976 Cette édition est marquée par le boycott de 22 pays qui protestent contre la présence d'un autre, la Nouvelle-Zélande
0%
1984 Neroli Fairhall concourt en tir à l'arc, elle est la 1ère (...) à participe à une épreuve olympique officielle paraplégique
0%
1984 La mascotte des jeux de 1984 est créée par les Studios Disney
0%
1948 Deux démonstrations d'un type particulier de gymnastique ont eu lieu, il s'agit de gymnastique suédoise
0%
1960 Les épreuves de lutte se déroulent dans un lieu historique, les thermes de {Caracalla}
0%
1952 Une révolution lors des JO de 1952, une femme est porte-drapeau, mais pour quel pays ? Uruguay
0%
1968 Les jeux de 1968 sont les 1ers organisés dans un pays en voie de développement
0%
1996 Deux épreuves font leur apparition aux JO de 1996, citez-en une... VTT | Beach volley
0%
Aucun quiz correspondant
Distribution des résultats
% des personnes avec chaque résultat
Percentile par nombre de réponses
Votre historique - résultats
Vous n’avez pas pris ce quiz